MARC details
| 000 -LEADER |
| fixed length control field |
02804nam a2200349 a 4500 |
| 008 - FIXED-LENGTH DATA ELEMENTS--GENERAL INFORMATION |
| fixed length control field |
071204s1990 ||||||||||||||||| || u |
| 020 ## - INTERNATIONAL STANDARD BOOK NUMBER |
| International Standard Book Number |
0716728710 |
| 050 ## - LIBRARY OF CONGRESS CALL NUMBER |
| Classification number |
QD 452.5 Atk |
| 100 ## - MAIN ENTRY--PERSONAL NAME |
| Personal name |
Atkins, P. W |
| 245 10 - TITLE STATEMENT |
| Title |
Physical chemistry. -- 4th ed. |
| Statement of responsibility, etc. |
By P. W. Atkins |
| 250 ## - EDITION STATEMENT |
| Edition statement |
4th ed. |
| 260 ## - PUBLICATION, DISTRIBUTION, ETC. |
| Place of publication, distribution, etc. |
Oxford: |
| Name of publisher, distributor, etc. |
Oxford University Press |
| Date of publication, distribution, etc. |
1990 |
| 300 ## - PHYSICAL DESCRIPTION |
| Extent |
xiv, 995p. : ill. |
| 350 ## - |
| -- |
0.00 |
| 500 ## - GENERAL NOTE |
| General note |
10 copies in ST-LIBRARY |
| 650 #0 - SUBJECT ADDED ENTRY--TOPICAL TERM |
| Topical term or geographic name entry element |
CHEMISTRY, PHYSICAL AND THEORETICAL |
| 650 #0 - SUBJECT ADDED ENTRY--TOPICAL TERM |
| Topical term or geographic name entry element |
CHEMISTRY--HANDBOOKS, MANUALS, ETC |
| 995 ## - |
| -- |
TEXTBOOKS (CHEM.ENG.) |
| -- |
0.00 |
| -- |
3677 |
| -- |
CBU-SCHOOL TEXTBOOK COLLECTIONS |
| -- |
1 |
| -- |
0.00 |
| -- |
SCHOOL TEXTBOOK |
| -- |
14 |
| -- |
AVAILABLE |
| -- |
Sep 2, 2009 |
| -- |
3677 |
| -- |
School Collections |
| 995 ## - |
| -- |
TEXTBOOKS (COMP.SCIENCE) |
| -- |
0.00 |
| -- |
3213 |
| -- |
CBU-SCHOOL TEXTBOOK COLLECTIONS |
| -- |
1 |
| -- |
0.00 |
| -- |
SCHOOL TEXTBOOK |
| -- |
9 |
| -- |
AVAILABLE |
| -- |
Jul 31, 2009 |
| -- |
3213 |
| -- |
School Collections |
| 995 ## - |
| -- |
TEXTBOOKS (COMP.SCIENCE) |
| -- |
0.00 |
| -- |
3215 |
| -- |
CBU-SCHOOL TEXTBOOK COLLECTIONS |
| -- |
1 |
| -- |
0.00 |
| -- |
SCHOOL TEXTBOOK |
| -- |
3215 |
| -- |
AVAILABLE |
| -- |
Jul 31, 2009 |
| -- |
3215 |
| -- |
School Collections |
| 995 ## - |
| -- |
TEXTBOOKS (COMP.SCIENCE) |
| -- |
0.00 |
| -- |
3216 |
| -- |
CBU-SCHOOL TEXTBOOK COLLECTIONS |
| -- |
1 |
| -- |
0.00 |
| -- |
SCHOOL TEXTBOOK |
| -- |
12 |
| -- |
AVAILABLE |
| -- |
Jul 31, 2009 |
| -- |
3216 |
| -- |
School Collections |
| 995 ## - |
| -- |
TEXTBOOKS (COMP.SCIENCE) |
| -- |
0.00 |
| -- |
3217 |
| -- |
CBU-SCHOOL TEXTBOOK COLLECTIONS |
| -- |
1 |
| -- |
0.00 |
| -- |
SCHOOL TEXTBOOK |
| -- |
13 |
| -- |
AVAILABLE |
| -- |
Jul 31, 2009 |
| -- |
3217 |
| -- |
School Collections |
| 995 ## - |
| -- |
SHORT LOAN BOOKS |
| -- |
0.00 |
| -- |
738219 |
| -- |
CBU-MAIN LIBRARY (Kitwe) |
| -- |
1 |
| -- |
0.00 |
| -- |
QD 452.5 Atk |
| -- |
8 |
| -- |
AVAILABLE |
| -- |
Dec 4, 2007 |
| -- |
738219 |
| -- |
Short Loan Collection |
| 995 ## - |
| -- |
BINDERY (DAMAGED) |
| -- |
0.00 |
| -- |
731302 |
| -- |
CBU-MAIN LIBRARY (Kitwe) |
| -- |
4 |
| -- |
21.00 |
| -- |
QD 452.5 Atk |
| -- |
5 |
| -- |
DAMAGED |
| -- |
028881 |
| -- |
Main Library Open Access Collection |
| 995 ## - |
| -- |
MAIN LIBRARY OPEN ACCESS |
| -- |
0.00 |
| -- |
723612 |
| -- |
CBU-MAIN LIBRARY (Kitwe) |
| -- |
1 |
| -- |
21.00 |
| -- |
QD 452.5 Atk |
| -- |
1 |
| -- |
AVAILABLE |
| -- |
008147 |
| -- |
Main Library Open Access Collection |
| 995 ## - |
| -- |
BINDERY (DAMAGED) |
| -- |
0.00 |
| -- |
731304 |
| -- |
CBU-MAIN LIBRARY (Kitwe) |
| -- |
3 |
| -- |
21.00 |
| -- |
QD 452.5 Atk |
| -- |
4 |
| -- |
DAMAGED |
| -- |
028883 |
| -- |
Main Library Open Access Collection |
| 995 ## - |
| -- |
BINDERY (DAMAGED) |
| -- |
0.00 |
| -- |
731303 |
| -- |
CBU-MAIN LIBRARY (Kitwe) |
| -- |
6 |
| -- |
21.00 |
| -- |
QD 452.5 Atk |
| -- |
6 |
| -- |
DAMAGED |
| -- |
028882 |
| -- |
Main Library Open Access Collection |
| 995 ## - |
| -- |
MAIN LIBRARY OPEN ACCESS |
| -- |
0.00 |
| -- |
731301 |
| -- |
CBU-MAIN LIBRARY (Kitwe) |
| -- |
2 |
| -- |
21.00 |
| -- |
QD 452.5 Atk |
| -- |
3 |
| -- |
AVAILABLE |
| -- |
028880 |
| -- |
Main Library Open Access Collection |
| 995 ## - |
| -- |
MAIN LIBRARY OPEN ACCESS |
| -- |
0.00 |
| -- |
723613 |
| -- |
CBU-MAIN LIBRARY (Kitwe) |
| -- |
5 |
| -- |
21.00 |
| -- |
QD 452.5 Atk |
| -- |
2 |
| -- |
AVAILABLE |
| -- |
018488 |
| -- |
Main Library Open Access Collection |
| 995 ## - |
| -- |
SHORT LOAN BOOKS |
| -- |
0.00 |
| -- |
738218 |
| -- |
CBU-MAIN LIBRARY (Kitwe) |
| -- |
1 |
| -- |
0.00 |
| -- |
QD 452.5 Atk |
| -- |
7 |
| -- |
AVAILABLE |
| -- |
Dec 4, 2007 |
| -- |
738218 |
| -- |
Short Loan Collection |
| 995 ## - |
| -- |
TEXTBOOKS (COMP.SCIENCE) |
| -- |
0.00 |
| -- |
3214 |
| -- |
CBU-SCHOOL TEXTBOOK COLLECTIONS |
| -- |
1 |
| -- |
0.00 |
| -- |
SCHOOL TEXTBOOK |
| -- |
10 |
| -- |
AVAILABLE |
| -- |
Jul 31, 2009 |
| -- |
3214 |
| -- |
School Collections |
| 999 ## - |
| -- |
81890 |
| -- |
81890 |